skbl

Dr Suryya Kumar Bhuyan Library Web-OPAC
ডঃ সূৰ্য্য
কুমাৰ ভূঞা পুথিভঁৰাল ৱেব-অ'পেক

All Research Scholars are advised to clear the annual library fees to continue using Library Resources, Remote Access, Plagiarism Test and Library Clearance.

Cotton University Book Fair 2026

An introduction to bryophyta : (Record no. 65705)

MARC details
000 -LEADER
fixed length control field 00517nam a2200169Ia 4500
001 - CONTROL NUMBER
control field 64605
008 - FIXED-LENGTH DATA ELEMENTS--GENERAL INFORMATION
fixed length control field 210409n1998 ii |||gr||||Z||||||465
020 ## - INTERNATIONAL STANDARD BOOK NUMBER
International Standard Book Number 8125905693
082 ## - DEWEY DECIMAL CLASSIFICATION NUMBER
Classification number 588.0968
100 ## - MAIN ENTRY--PERSONAL NAME
Personal name Rashid, A.,
Relator term Author.
245 #0 - TITLE STATEMENT
Title An introduction to bryophyta :
Remainder of title diversity, development and differentiation /
Statement of responsibility, etc. A. Rashid .
Medium Textual Documents
260 ## - PUBLICATION, DISTRIBUTION, ETC.
Place of publication, distribution, etc. New Delhi
Name of publisher, distributor, etc. Vikas Publishing House Pvt. Ltd.
Date of publication, distribution, etc. 1998
300 ## - PHYSICAL DESCRIPTION
Extent 298 p.:
Dimensions 22 cm.
653 ## - INDEX TERM--UNCONTROLLED
Uncontrolled term Bryophyta
653 ## - INDEX TERM--UNCONTROLLED
Uncontrolled term Fossil history
942 ## - ADDED ENTRY ELEMENTS (KOHA)
Source of classification or shelving scheme Dewey Decimal Classification
Koha item type Books
Holdings
Withdrawn status Lost status Damaged status Not for loan Collection Home library Current library Shelving location Date acquired Source of acquisition Coded location qualifier Total checkouts Full call number Barcode Date due Date last seen Date last checked out Copy number Price effective from Koha item type Public note
          Dr. Suryya Kumar Bhuyan Library Dr. Suryya Kumar Bhuyan Library   09/04/2021 16 00000 2 588.0968 R183I 2528/cu/bot 07/11/2025 15/10/2025 15/10/2025 1 09/04/2021 Books 16

Designed and Maintained by Team SKBL
©1901-2026

Powered by Koha